000 00381nam a2200133 4500
005 20260224114225.0
008 260224b |||||||| |||| 00| 0 eng d
020 _a9780801488542
100 _aDyer Dexter Betsey
245 _aA Field Guide to Bacteria
_c/Betsey Dexter Dyer
260 _aNew York;
_bCornell University;
_c2003
300 _aviii,355p. ill;
_c21.5cm
942 _2lcc
_n0
_cBK
999 _c166
_d166